Loading...
| History - Other History | 4 | 2 | 0 | 0 | 80 | 28 | 57.50 | 1 | 6 |
| History - American History | 3 | 2 | 0 | 0 | 65 | 41 | 62.40 | 1 | 5 |
| History - World History | 2 | 3 | 0 | 0 | 60 | 43 | 71.20 | 2 | 3 |
| Literature - European Literature | 2 | 2 | 0 | 0 | 50 | 67 | 94.75 | 1 | 4 |
| Philosophy | 0 | 5 | 1 | 0 | 45 | 64 | 98.80 | 0 | 1 |
| Fine Arts - Other Fine Arts | 1 | 2 | 0 | 0 | 35 | 47 | 79.33 | 1 | 2 |
| History - European History | 1 | 2 | 1 | 1 | 30 | 50 | 80.67 | 1 | 2 |
| Fine Arts - Visual Fine Arts | 0 | 3 | 1 | 1 | 25 | 64 | 98.00 | 0 | 3 |
| Literature - American Literature | 1 | 0 | 0 | 0 | 15 | 53 | 53.00 | 1 | 1 |
| Social Science | 0 | 1 | 0 | 0 | 10 | 75 | 75.00 | 0 | 1 |
| Fine Arts - Auditory Fine Arts | 0 | 1 | 0 | 0 | 10 | 96 | 96.00 | 0 | 0 |
| Science - Other Science | 0 | 2 | 2 | 1 | 10 | 83 | 107.50 | 0 | 2 |
| Literature - World Literature | 0 | 1 | 1 | 0 | 5 | 101 | 101.00 | 0 | 1 |
| Current Events | 0 | 1 | 2 | 0 | 0 | 99 | 99.00 | 0 | 1 |
| Other Academic | 0 | 0 | 1 | 0 | -5 | 0.00 | 0 | 0 | |
| Geography | 0 | 0 | 1 | 0 | -5 | 0.00 | 0 | 0 | |
| Religion | 0 | 0 | 1 | 0 | -5 | 0.00 | 0 | 0 | |
| Science - Physics | 0 | 0 | 1 | 0 | -5 | 0.00 | 0 | 0 |